Tratado de derecho civil español / (Record no. 114460)

MARC details
000 -LEADER
campo de control de longitud fija 01085nam a2200229 i 4500
001 - NÚMERO DE CONTROL
campo de control 114460
003 - IDENTIFICADOR DE NÚMERO DE CONTROL
campo de control ES-MaACL
005 - FECHA Y HORA DE LA ÚLTIMA TRANSACCIÓN
campo de control 20250809054903.0
007 - CAMPO FIJO DE DESCRIPCIÓN FÍSICA--INFORMACIÓN GENERAL
campo de control de longitud fija t|
008 - DATOS DE LONGITUD FIJA--INFORMACIÓN GENERAL
campo de control de longitud fija 070301m19711973sp ||||1| spa d
100 1# - ENTRADA PRINCIPAL--NOMBRE DE PERSONA
Nombre de persona Puig Peña, Federico.
9 (RLIN) 94273
245 10 - MENCIÓN DEL TÍTULO
Título Tratado de derecho civil español /
Mención de responsabilidad, etc. Federico Puig Peña.
250 ## - MENCION DE EDICION
Mención de edición Nueva ed. actualizada.
260 ## - PUBLICACIÓN, DISTRIBUCIÓN, ETC.
Lugar de publicación, distribución, etc. Madrid :
Nombre del editor, distribuidor, etc. Revista de Derecho Privado,
Fecha de publicación, distribución, etc. [1971-1973]
300 ## - DESCRIPCIÓN FÍSICA
Extensión 5 v. ;
Dimensiones 24 cm.
490 1# - MENCIÓN DE SERIE
Mención de serie Grandes tratados generales de derecho privado y público. Serie C
505 8# - NOTA DE CONTENIDO CON FORMATO
Nota de contenido con formato Contiene: T. 2. Derecho de familia, pte. 2. Paternidad y filiación -- t. 3. Derechos reales, pte. 1. Teoría general de los derechos reales ; pte. 2. Hipoteca -- t. 4. Obligaciones y contratos, pte. 2. De los contratos y demás fuentes de la obligación -- t. 5. Sucesiones, pte. 1. Teoría general de las sucesiones
650 14 - PUNTO DE ACCESO ADICIONAL DE MATERIA--TÉRMINO DE MATERIA
Término de materia o nombre geográfico como elemento de entrada Derecho civil-
Subdivisión geográfica España
9 (RLIN) 11659
830 00 - PUNTO DE ACCESO ADICIONAL DE SERIE-TÍTULO UNIFORME
Título uniforme Grandes tratados generales de derecho privado y público
9 (RLIN) 233176
852 ## - LOCALIZACIÓN
Ubicación ES-MaACL
Número de control de estantería P-1666
Sublocalización o colección R.77621
Holdings
Estatus retirado Estado de pérdida Estado de daño No para préstamo Biblioteca de origen Biblioteca actual Ubicación en estantería Fecha de adquisición Fuente de adquisición Total de préstamos Signatura topográfica completa Código de barras Visto por última vez Precio de reemplazo Tipo de ítem Koha
        Biblioteca del Ateneo de Madrid Biblioteca del Ateneo de Madrid Depósito 2 17/01/2008     P-1666 1119369 23/02/2023 23/02/2023 Libro impreso